| 000 | 00585nam a2200181Ia 4500 | ||
|---|---|---|---|
| 005 | 20250606125450.0 | ||
| 008 | 008 250516s9999 xx 000 0 eng d | ||
| 020 | _a9781032904894 | ||
| 040 |
_beng _cSDCL |
||
| 041 |
_aeng _2eng |
||
| 084 | _aX:54 R4 | ||
| 245 | 0 |
_aConvergence and developmental aspects of credit allocations in brics nations : _bTheoretical and empirical inqueries |
|
| 260 |
_aLondon : _bRoutledge, _c2024. |
||
| 300 | _axxxi, 366p. | ||
| 650 |
_aBusiness Economics and Finance _9812046 |
||
| 700 |
_aDas, Ramesh Chandra Ed. _9727509 |
||
| 942 |
_cTEXL _2CC |
||
| 999 |
_c1429783 _d1429783 |
||